MARC details
| 000 -LEADER |
| fixed length control field |
01869cam a22004695a 4500 |
| 001 - CONTROL NUMBER |
| control field |
016558770 |
| 003 - CONTROL NUMBER IDENTIFIER |
| control field |
EG-ScBUE |
| 005 - DATE AND TIME OF LATEST TRANSACTION |
| control field |
20241120115652.0 |
| 008 - FIXED-LENGTH DATA ELEMENTS--GENERAL INFORMATION |
| fixed length control field |
131125t2015 nyua f d 001 0 eng d |
| 020 ## - INTERNATIONAL STANDARD BOOK NUMBER |
| International Standard Book Number |
9781259095641 |
| 020 ## - INTERNATIONAL STANDARD BOOK NUMBER |
| International Standard Book Number |
1259095649 |
| 040 ## - CATALOGING SOURCE |
| Original cataloging agency |
StDuBDS |
| Language of cataloging |
eng |
| Description conventions |
rda |
| Transcribing agency |
StDuBDS |
| Modifying agency |
Uk |
| -- |
EG-ScBUE |
| -- |
EG-ScBUE |
| 082 04 - DEWEY DECIMAL CLASSIFICATION NUMBER |
| Classification number |
519.5 |
| Item number |
LIN |
| Edition number |
22 |
| 100 1# - MAIN ENTRY--PERSONAL NAME |
| Personal name |
Lind, Douglas A., |
| Relator term |
author. |
| 9 (RLIN) |
3255 |
| 245 10 - TITLE STATEMENT |
| Title |
Statistical techniques in business & economics / |
| Statement of responsibility, etc |
Douglas A. Lind, Coastal Carolina University and the University of Toledo, William G. Marchal, The University of Toledo, Samuel A. Wathen, Coastal Carolina University. |
| 246 3# - VARYING FORM OF TITLE |
| Title proper/short title |
Statistical techniques in business and economics |
| 250 ## - EDITION STATEMENT |
| Edition statement |
Sixteenth edition. |
| 250 ## - EDITION STATEMENT |
| Edition statement |
International student edition. |
| 264 #1 - PUBLICATION, DISTRIBUTION, ETC. (IMPRINT) |
| Place of publication, distribution, etc |
New York : |
| Name of publisher, distributor, etc |
McGraw Hill Education, |
| Date of publication, distribution, etc |
[2015] |
| 264 #4 - PUBLICATION, DISTRIBUTION, ETC. (IMPRINT) |
| Date of publication, distribution, etc |
c2015 |
| 300 ## - PHYSICAL DESCRIPTION |
| Extent |
xxx, 830 pages : |
| Other physical details |
illustrations ; |
| Dimensions |
27 cm. |
| 336 ## - CONTENT TYPE |
| Source |
rdacontent |
| Content type term |
text |
| Content type code |
txt |
| 337 ## - MEDIA TYPE |
| Media type term |
unmediated |
| Source |
rdamedia |
| Media type code |
n |
| 338 ## - CARRIER TYPE |
| Carrier type term |
volume |
| Carrier type code |
nc |
| Source |
rdacarrier |
| 490 0# - SERIES STATEMENT |
| Series statement |
McGraw-Hill/Irwin series in operations and decision sciences |
| 500 ## - GENERAL NOTE |
| General note |
Previous ed.: New York: McGraw-Hill Irwin, 2012. |
| 500 ## - GENERAL NOTE |
| General note |
Includes index.<br/> |
| 500 ## - GENERAL NOTE |
| General note |
Includes glossary.<br/> |
| 500 ## - GENERAL NOTE |
| General note |
Includes access online. |
| 650 #7 - SUBJECT ADDED ENTRY--TOPICAL TERM |
| Topical term or geographic name as entry element |
Commercial statistics. |
| Source of heading or term |
BUEsh |
| 9 (RLIN) |
802 |
| 650 #7 - SUBJECT ADDED ENTRY--TOPICAL TERM |
| Topical term or geographic name as entry element |
Economics |
| General subdivision |
Statistical methods. |
| Source of heading or term |
BUEsh |
| 9 (RLIN) |
3258 |
| 650 #7 - SUBJECT ADDED ENTRY--TOPICAL TERM |
| Topical term or geographic name as entry element |
Commercial statistics |
| Form subdivision |
Problems, exercises, etc. |
| Source of heading or term |
BUEsh |
| 9 (RLIN) |
40802 |
| 650 #0 - SUBJECT ADDED ENTRY--TOPICAL TERM |
| Topical term or geographic name as entry element |
Economics |
| General subdivision |
Statistical methods |
| Form subdivision |
Problems, exercises, etc. |
| Source of heading or term |
BUEsh |
| 651 ## - SUBJECT ADDED ENTRY--GEOGRAPHIC NAME |
| Source of heading or term |
BUEsh |
| 653 ## - INDEX TERM--UNCONTROLLED |
| Resource For college |
BAEPS, Business Administration |
| Arrived date list |
August 2016 |
| 653 ## - INDEX TERM--UNCONTROLLED |
| Resource For college |
BAEPS, Business Administration |
| Arrived date list |
October2016 |
| 655 ## - INDEX TERM--GENRE/FORM |
| Form subdivision |
Text book |
| 9 (RLIN) |
33728 |
| 700 1# - ADDED ENTRY--PERSONAL NAME |
| Personal name |
Marchal, William G., |
| Relator term |
author. |
| 9 (RLIN) |
3260 |
| 700 1# - ADDED ENTRY--PERSONAL NAME |
| Personal name |
Wathen, Samuel Adam, |
| Relator term |
author. |
| 9 (RLIN) |
3261 |
| 856 ## - ELECTRONIC LOCATION AND ACCESS |
| Electronic format type |
This is your free access to connect |
| Uniform Resource Identifier |
<a href="www.mhhe.com">www.mhhe.com</a> |
| 942 ## - ADDED ENTRY ELEMENTS (KOHA) |
| Source of classification or shelving scheme |
Dewey Decimal Classification |
| Koha item type |
Book - Borrowing |